Communes en "ingen" d'Alsace - Statistiques

Statistiques générales
  • Ce quiz a été pris 41 fois
  • Le résultat moyen est 8 sur 29
Réponses sur la Carte
Les réponses sont colorées sur une échelle allant du rouge au vert en fonction du pourcentage des utilisateurs qui les ont devinées à leur premier essai. Vous pouvez retrouver ces pourcentages ci-dessous.
 
Statistiques - réponses
Arrondissement Commune % Correct
Saverne Diemeringen
55%
Saverne Drulingen
55%
Saverne Oermingen
48%
Altkirch Frœningen
34%
Mulhouse Hésingue
34%
Altkirch Hirsingue
34%
Mulhouse Huningue
34%
Saverne Vœllerdingen
34%
Saverne Dehlingen
31%
Saverne Hinsingen
31%
Saverne Rexingen
31%
Altkirch Eglingen
28%
Mulhouse Galfingue
28%
Altkirch Jettingen
28%
Mulhouse Reiningue
28%
Saverne Weislingen
28%
Thann Fellering
24%
Saverne Gœrlingen
24%
Altkirch Oltingue
24%
Mulhouse Zaessingue
24%
Altkirch Hindlingen
21%
Mulhouse Knœringue
21%
Mulhouse Kœtzingue
21%
Mulhouse Durningen
17%
Altkirch Emlingen
17%
Altkirch Henflingen
14%
Saverne Zollingen
14%
Altkirch Enschingen
7%
Altkirch Grentzingen
7%
Aucun quiz correspondant
Distribution des résultats
% des personnes avec chaque résultat
Percentile par nombre de réponses
Votre historique - résultats
Vous n’avez pas pris ce quiz